1-2-3 macro library

Αποθηκεύτηκε σε:
Λεπτομέρειες βιβλιογραφικής εγγραφής
Κύριος συγγραφέας: Ewing, David Paul
Άλλοι συγγραφείς: Nielsen, Joyce J.
Μορφή: Βιβλίο
Γλώσσα:English
Δημοσίευση: Carmel, IN : Que Corp., c1990
Έκδοση:3rd ed.
Θέματα:
Ετικέτες: Προσθήκη ετικέτας
Δεν υπάρχουν, Καταχωρήστε ετικέτα πρώτοι!

MARC

LEADER 00000cam a2200000 i 4500
001 1/38767
008 970922s1990 eng d
020 |a 0880224185 
035 |l 10040844 
035 |a 1997  |c ΔΩΡΕΑ ΤΖΑΦΕΡΗ 
040 |a GR-MY-UA  |b gre  |e aacr 
041 0 |a eng 
082 0 |a 650.02855369 
100 1 |a Ewing, David Paul. 
245 1 0 |a 1-2-3 macro library /  |c David Paul Ewing ; revised for releaces 2.2 and 3 by Joyce J. Nielsen...[et all.] 
250 |a 3rd ed. 
260 |a Carmel, IN :   |b Que Corp.,   |c c1990 
300 |a xxviii, 755 p.;  |b ill.;  |c 24 cm. +  |e 1 computer disk (5 1/4 in.) 
500 |a "Book and disk set covers releases 2.01, 2.2, & 3"--Cover 
500 |a System requirements for computer disk: 8088, 8086, 80286, 80386, or similar microprocessor; at least 512K RAM (more for 1-2-3 release 3); DOS 2.0 or later, or OS/2 version 1.0 or later; 1-2-3 release 2.01, 2.2, or 3; monochrome or color monitor (graphics card necessary for graphing features); printer (optional) 
500 |a Includes index 
650 0 0 |a Macro instructions (Electronic computers) 
650 0 0 |a Business  |x Computer programs. 
700 1 |a Nielsen, Joyce J. 
852 |a INST  |b SAMOS  |e 19970922  |h 650.02855369 EWI  |p 005300008841  |q 005300008841  |t BK  |y 0 
852 |a INST  |b SAMOS  |e 19981119  |h 650.02855369 EWI   |p 005300013815  |q 005300013815  |t BK  |y 0 
901 |a BIBL-1997-2 
909 |a Σ  |b 050440 
909 |a Σ  |b 060490